000 00720nam a2200277Ia 4500
005 20260324113009.0
008 008 260324s9999 xx 000 0 eng d
020 _a9781003427490
037 _aEBOOK
040 _aCRL
040 _beng
040 _cCRL
041 _2eng
041 _aeng
084 _qCRL
100 _aJuan Antonio Leñero-Bardallo; Rubén Gómez-Merchán; Ángel Rodríguez-Vázquez
_91145007
245 0 _aDesign of Event-Driven SPAD-Based 3D Image Sensors
260 _bTaylor and Francis
260 _c2024
365 _a
365 _b225
856 _uhttp://www.taylorfrancis.com/books/9781003427490
942 _cEBOOK
999 _c1734418
_d1734418